| 000 | 00320nam a2200133 4500 | ||
|---|---|---|---|
| 005 | 20260530115311.0 | ||
| 100 | 1 |
_aMichael Jenner _932871 |
|
| 245 | 1 | 0 | _aFlipSigns |
| 264 | 1 |
_bPrestel Munich _c2001 |
|
| 300 | _a144 páginas | ||
| 336 |
_atexto _2rdacontent |
||
| 337 |
_asin medio _2rdamedia |
||
| 338 |
_avolumen _2rdacarrier |
||
| 999 |
_c13371 _d13371 |
||